[Event "Montreal CC-ch"]
[Site "Montreal CAN"]
[Date "2017.06.11"]
[Round "4.5"]
[White "Tremblay, Alain"]
[Black "Ouellet, Maili-Jade"]
[Result "0-1"]
[WhiteElo "2155"]
[BlackElo "2194"]
[WhiteFideId "-1"]
[WhiteFideId "-1"]
[PlyCount "174"]
[GameId "2160767908411207"]
[EventDate "2017.06.09"]
[EventType "swiss"]
[EventRounds "5"]
[EventCountry "CAN"]
[SourceTitle "EXT 2022"]
[Source "ChessBase"]
[SourceDate "2021.10.06"]
[SourceVersion "1"]
[SourceVersionDate "2021.10.06"]
[SourceQuality "1"]

1. c4 e6 2. d4 d5 3. cxd5 exd5 4. Nc3 Be7 5. Bf4 c6 6. Qc2 g6 7. e3 Bf5 8. Bd3 Bxd3 9. Qxd3 Nf6 10. Nf3 Na6 11. Bh6 Nc7 12. Ne5 Ne6 13. f4 Ng8 14. f5 Nxh6 15. fxe6 fxe6 16. O-O Bd6 17. e4 Bxe5 18. dxe5 Ng4 19. exd5 Qb6+ 20. Kh1 Qe3 21. Qc4 Nf2+ 22. Rxf2 Qxf2 23. Ne4 exd5 24. Nd6+ Kd7 25. Qb4 b6 26. Qg4+ Kc7 27. Qe6 Rad8 28. Qe7+ Rd7 29. Nb5+ cxb5 30. Rc1+ Qc5 31. Rxc5+ bxc5 32. Qxc5+ Kd8 33. e6 Re8 34. Qc6 Rc7 35. Qxd5+ Ke7 36. h3 a6 37. Qe5 Rec8 38. Qg7+ Kxe6 39. Qh6 Kd6 40. Qf4+ Kc6 41. a4 bxa4 42. Qxa4+ Kb6 43. Qb4+ Ka7 44. Qd4+ Ka8 45. Qd3 Rc6 46. Qd7 R8c7 47. Qd8+ Kb7 48. Qd5 Ka7 49. Qd4+ Rb6 50. Kh2 Rcb7 51. Kh1 h5 52. Kh2 Rf7 53. b4 Rc7 54. h4 Re7 55. Kh3 Rc7 56. Kh2 Kb7 57. Qd5+ Rbc6 58. b5 axb5 59. Qxb5+ Kc8 60. Qe5 Rd7 61. Qe8+ Kc7 62. Qe5+ Rcd6 63. Qc3+ Rc6 64. Qe5+ Rdd6 65. Qe7+ Kb6 66. Qe3+ Rc5 67. Qb3+ Rb5 68. Qe3+ Kc6 69. Qe4+ Rbd5 70. Qc4+ Kd7 71. Qa4+ Ke7 72. Qa7+ Kf6 73. Qf2+ Kg7 74. Qb2+ Rd4 75. Kh3 Kh7 76. Qa2 Rd7 77. Qe6 Rb7 78. Qe5 Rg4 79. Qe3 Rf7 80. Qd2 Rff4 81. g3 Rd4 82. Qe3 Rge4 83. Qc3 Rd7 84. Qf6 Re2 85. Qc3 Rf7 86. Qd4 Rff2 87. g4 Rf3# 0-1

[Event "Montreal CC-ch"]
[Site "Montreal CAN"]
[Date "2017.06.11"]
[Round "4.6"]
[White "Barko, Maxim"]
[Black "Huang, Qiuyu"]
[Result "0-1"]
[WhiteElo "1851"]
[BlackElo "2251"]
[WhiteFideId "-1"]
[WhiteFideId "-1"]
[PlyCount "52"]
[GameId "2160767908411208"]
[EventDate "2017.06.09"]
[EventType "swiss"]
[EventRounds "5"]
[EventCountry "CAN"]
[SourceTitle "EXT 2022"]
[Source "ChessBase"]
[SourceDate "2021.10.06"]
[SourceVersion "1"]
[SourceVersionDate "2021.10.06"]
[SourceQuality "1"]

1. d4 d5 2. c4 e6 3. Nc3 Nf6 4. cxd5 exd5 5. Bg5 c6 6. Qc2 Be7 7. e3 Nbd7 8. Bd3 h6 9. Bh4 Nh5 10. Bxe7 Qxe7 11. Nge2 Nb6 12. b3 Be6 13. O-O O-O 14. f3 Rac8 15. Kh1 c5 16. dxc5 Qxc5 17. Qd2 Rfd8 18. Rac1 Nc4 19. Bxc4 dxc4 20. Nd4 cxb3 21. Ne4 Qe7 22. axb3 f5 23. Ng3 Nxg3+ 24. hxg3 Qg5 25. Qf2 Rxc1 26. Rxc1 Rxd4 0-1

[Event "Montreal CC-ch"]
[Site "Montreal CAN"]
[Date "2017.06.11"]
[Round "4.7"]
[White "Millette, Sylvain"]
[Black "Cloutier, Mathieu"]
[Result "1-0"]
[WhiteElo "1752"]
[BlackElo "2179"]
[WhiteFideId "-1"]
[WhiteFideId "-1"]
[PlyCount "83"]
[GameId "2160767908411209"]
[EventDate "2017.06.09"]
[EventType "swiss"]
[EventRounds "5"]
[EventCountry "CAN"]
[SourceTitle "EXT 2022"]
[Source "ChessBase"]
[SourceDate "2021.10.06"]
[SourceVersion "1"]
[SourceVersionDate "2021.10.06"]
[SourceQuality "1"]

1. Nf3 c5 2. g3 d5 3. Bg2 Nc6 4. d4 cxd4 5. Nxd4 e5 6. Nxc6 bxc6 7. c4 Nf6 8. O-O Rb8 9. Qa4 Bd7 10. cxd5 cxd5 11. Qxa7 Qc8 12. Bg5 e4 13. Bxf6 gxf6 14. Qd4 Be6 15. Qxf6 Rg8 16. Qc3 Qa6 17. Qd2 Qb6 18. Nc3 Qb4 19. Rfd1 Bg7 20. Nxd5 Qxd2 21. Rxd2 Bxd5 22. Rxd5 Rxb2 23. Rad1 Bf6 24. e3 Rxa2 25. Bxe4 Ke7 26. Rd7+ Ke6 27. Bd5+ Kxd7 28. Bxf7+ Ke7 29. Bxg8 Ra1 30. Rxa1 Bxa1 31. Bxh7 Kf6 32. f4 Bc3 33. Kf2 Bb4 34. Kf3 Kg7 35. Bc2 Bc5 36. e4 Bg1 37. h4 Kh6 38. g4 Bh2 39. e5 Kg7 40. Ke4 Bg3 41. h5 Bh4 42. Kf5 1-0

[Event "Montreal CC-ch"]
[Site "Montreal CAN"]
[Date "2017.06.11"]
[Round "4.8"]
[White "Singher, Jean-Pierre"]
[Black "Chang, Alexander"]
[Result "1-0"]
[WhiteElo "2095"]
[BlackElo "1805"]
[WhiteFideId "-1"]
[WhiteFideId "-1"]
[PlyCount "85"]
[GameId "2160767908411210"]
[EventDate "2017.06.09"]
[EventType "swiss"]
[EventRounds "5"]
[EventCountry "CAN"]
[SourceTitle "EXT 2022"]
[Source "ChessBase"]
[SourceDate "2021.10.06"]
[SourceVersion "1"]
[SourceVersionDate "2021.10.06"]
[SourceQuality "1"]

1. d4 Nf6 2. Nf3 d5 3. c4 e6 4. Nc3 Bb4 5. Qc2 c5 6. e3 Nc6 7. dxc5 Bxc5 8. a3 a5 9. Be2 d4 10. exd4 Bxd4 11. O-O O-O 12. Nb5 Bc5 13. Bf4 Qe7 14. Ne5 Nxe5 15. Bxe5 Nd7 16. Bc3 e5 17. Nc7 Ra7 18. Nd5 Qe6 19. b4 axb4 20. axb4 Rxa1 21. Rxa1 Be7 22. Bd3 g6 23. f4 f6 24. f5 gxf5 25. Bxf5 Qf7 26. Bxh7+ Qxh7 27. Qxh7+ Kxh7 28. Nxe7 Re8 29. Nd5 f5 30. Ra8 Kg6 31. Rxc8 Rxc8 32. Ne7+ Kg5 33. Nxc8 e4 34. Kf2 f4 35. c5 e3+ 36. Kf3 Nf6 37. Bxf6+ Kxf6 38. Nd6 Ke5 39. Nxb7 Kd4 40. c6 Kd3 41. Nc5+ Kd2 42. Ke4 e2 43. Nd3 1-0

[Event "Montreal CC-ch"]
[Site "Montreal CAN"]
[Date "2017.06.11"]
[Round "4.9"]
[White "Turgeon, Yoakim"]
[Black "Jacquet, Stephane"]
[Result "1/2-1/2"]
[WhiteElo "1720"]
[BlackElo "2053"]
[WhiteFideId "-1"]
[WhiteFideId "-1"]
[PlyCount "103"]
[GameId "2160767908411211"]
[EventDate "2017.06.09"]
[EventType "swiss"]
[EventRounds "5"]
[EventCountry "CAN"]
[SourceTitle "EXT 2022"]
[Source "ChessBase"]
[SourceDate "2021.10.06"]
[SourceVersion "1"]
[SourceVersionDate "2021.10.06"]
[SourceQuality "1"]

1. d4 Nf6 2. e3 d5 3. Bd3 c5 4. c3 Nc6 5. f4 g6 6. Nf3 Bg7 7. Ne5 O-O 8. Nd2 Nxe5 9. fxe5 Ng4 10. Nf3 f6 11. exf6 exf6 12. h3 Nh6 13. O-O c4 14. Bc2 Bf5 15. Re1 Re8 16. Nd2 Bxc2 17. Qxc2 f5 18. b3 b5 19. Nf3 Nf7 20. Bd2 Nd6 21. Rab1 Rb8 22. a4 a6 23. bxc4 Nxc4 24. Rb4 Qa5 25. axb5 Rxb5 26. Rxb5 axb5 27. Qb3 Ra8 28. Rb1 Rb8 29. Bc1 h6 30. Ne1 Bf8 31. Nc2 Qc7 32. Nb4 Bxb4 33. Qxb4 Qd6 34. Qxd6 Nxd6 35. Ra1 Ne4 36. Bb2 Kf7 37. Ra7+ Kf6 38. Kf1 b4 39. cxb4 Rxb4 40. Ba3 Rb1+ 41. Ke2 Rg1 42. Ra6+ Kg5 43. Be7+ Kh5 44. g4+ fxg4 45. hxg4+ Kxg4 46. Rxg6+ Ng5 47. Rxh6 Rg2+ 48. Kd3 Ne4 49. Rg6+ Kf3 50. Rxg2 Kxg2 51. Bf8 Kf3 52. Bh6 1/2-1/2

[Event "Montreal CC-ch"]
[Site "Montreal CAN"]
[Date "2017.06.11"]
[Round "4.11"]
[White "Gauthier, Luc"]
[Black "Zhong, Kevin"]
[Result "0-1"]
[WhiteElo "1715"]
[BlackElo "1953"]
[WhiteFideId "-1"]
[WhiteFideId "-1"]
[PlyCount "104"]
[GameId "2160767908411213"]
[EventDate "2017.06.09"]
[EventType "swiss"]
[EventRounds "5"]
[EventCountry "CAN"]
[SourceTitle "EXT 2022"]
[Source "ChessBase"]
[SourceDate "2021.10.06"]
[SourceVersion "1"]
[SourceVersionDate "2021.10.06"]
[SourceQuality "1"]

1. e4 c5 2. Nc3 Nc6 3. f4 g6 4. Nf3 Bg7 5. g3 d6 6. Bg2 e6 7. O-O Nge7 8. d3 O-O 9. Be3 Nd4 10. e5 Nef5 11. Bf2 Nxf3+ 12. Qxf3 Nd4 13. Qd1 dxe5 14. fxe5 Bxe5 15. Ne4 f5 16. Nxc5 Qd6 17. b4 Nc6 18. Rb1 Bd4 19. Qd2 a5 20. c3 Bxf2+ 21. Qxf2 axb4 22. cxb4 Ra3 23. Qb2 Ra7 24. Bxc6 Qxc6 25. Rbc1 Qd5 26. Qg2 Qxg2+ 27. Kxg2 Rxa2+ 28. Rf2 Rxf2+ 29. Kxf2 b6 30. Na4 Ba6 31. Nxb6 Bxd3 32. Nd7 Ra8 33. Nc5 Ra2+ 34. Kg1 Be4 35. Nxe4 fxe4 36. Re1 Kf7 37. Rxe4 Kf6 38. h4 e5 39. Kf1 Rb2 40. Rc4 Ke6 41. Rc7 h5 42. Rc6+ Kf5 43. Rb6 e4 44. b5 e3 45. Rb8 Ke4 46. Rf8 Rxb5 47. Ke2 Rb2+ 48. Ke1 Rg2 49. Re8+ Kf3 50. Rf8+ Kxg3 51. Rf6 Kxh4 52. Rf4+ Kh3 0-1

[Event "Montreal CC-ch"]
[Site "Montreal CAN"]
[Date "2017.06.11"]
[Round "4.12"]
[White "Democri, Fardin"]
[Black "Zheng, Richard"]
[Result "0-1"]
[WhiteElo "1651"]
[BlackElo "1928"]
[WhiteFideId "-1"]
[WhiteFideId "-1"]
[PlyCount "154"]
[GameId "2160767908411214"]
[EventDate "2017.06.09"]
[EventType "swiss"]
[EventRounds "5"]
[EventCountry "CAN"]
[SourceTitle "EXT 2022"]
[Source "ChessBase"]
[SourceDate "2021.10.06"]
[SourceVersion "1"]
[SourceVersionDate "2021.10.06"]
[SourceQuality "1"]

1. e4 e5 2. Nf3 Nc6 3. Bc4 Bc5 4. c3 Nf6 5. d4 exd4 6. cxd4 Bb4+ 7. Bd2 Bxd2+ 8. Nbxd2 d5 9. exd5 Nxd5 10. O-O O-O 11. h3 Nb6 12. d5 Nxd5 13. Ne4 Nb6 14. Bb3 Bf5 15. Nc5 Qf6 16. Rc1 Rad8 17. Qe1 Bxh3 18. Qc3 Qxc3 19. Rxc3 Bc8 20. Ng5 Nd4 21. Bxf7+ Rxf7 22. Nxf7 Kxf7 23. Re1 Nd5 24. Rd3 Nf4 25. Rde3 Nc2 26. Re7+ Kf6 27. R1e5 Ne6 28. R7xe6+ Bxe6 29. Rxe6+ Kf7 30. Re4 b6 31. Ne6 Rd7 32. Ng5+ Kg6 33. Nf3 Rd1+ 34. Kh2 c5 35. Re6+ Kf5 36. Re7 Nd4 37. Rf7+ Ke4 38. Ng5+ Kd3 39. Rxa7 Rd2 40. Ra3+ Kc2 41. Ne4 Re2 42. Nd6 Rxf2 43. Nc4 b5 44. Rc3+ Kb1 45. Ne3 Nc2 46. Nd1 Rd2 47. Rxc5 Rxd1 48. Rxb5 Rd7 49. a4 Ra7 50. b3 Ka2 51. a5 Nd4 52. Rd5 Nxb3 53. a6 Rxa6 54. Rd7 Rg6 55. Kh3 Kb2 56. Rc7 Nd4 57. g3 Nf5 58. g4 Ne3 59. Rf7 Nxg4 60. Rc7 Nf2+ 61. Kh2 Ne4 62. Rc4 Nc3 63. Rh4 Rh6 64. Rxh6 gxh6 65. Kh3 Nd5 66. Kg2 Kc3 67. Kg3 Kd4 68. Kf3 Ke5 69. Kg3 Kf5 70. Kh4 Nf4 71. Kg3 Kg5 72. Kh2 Kg4 73. Kg1 Kg3 74. Kh1 h5 75. Kg1 h4 76. Kh1 h3 77. Kg1 Nd3 0-1

[Event "Montreal CC-ch"]
[Site "Montreal CAN"]
[Date "2017.06.11"]
[Round "5.2"]
[White "Yu, Zong Yang"]
[Black "Lopez Linares, Lizandro"]
[Result "0-1"]
[WhiteElo "2463"]
[BlackElo "2231"]
[WhiteFideId "-1"]
[WhiteFideId "-1"]
[PlyCount "68"]
[GameId "2160767908411216"]
[EventDate "2017.06.09"]
[EventType "swiss"]
[EventRounds "5"]
[EventCountry "CAN"]
[SourceTitle "EXT 2022"]
[Source "ChessBase"]
[SourceDate "2021.10.06"]
[SourceVersion "1"]
[SourceVersionDate "2021.10.06"]
[SourceQuality "1"]

1. d4 d5 2. c4 c6 3. cxd5 cxd5 4. Nc3 Nf6 5. Bf4 Nc6 6. e3 Bf5 7. Qb3 Na5 8. Qa4+ Bd7 9. Qc2 Rc8 10. Bd3 e6 11. Nf3 a6 12. O-O Be7 13. Ne5 O-O 14. Qe2 Be8 15. Rfd1 Nd7 16. Qg4 f5 17. Qe2 Nxe5 18. dxe5 Qb6 19. Rac1 Bf7 20. Rd2 Rc6 21. Rdc2 Rfc8 22. g4 g6 23. gxf5 gxf5 24. Kh1 Kh8 25. Qf3 Rg8 26. Ne2 Rxc2 27. Rxc2 Nc6 28. a3 Qa5 29. Rc3 Qa4 30. Bc2 Qb5 31. Rb3 Qc4 32. Bd1 d4 33. Rxb7 dxe3 34. fxe3 Bh5 0-1

[Event "Montreal CC-ch"]
[Site "Montreal CAN"]
[Date "2017.06.11"]
[Round "5.4"]
[White "Zhong, Kevin"]
[Black "Leveille, Francois"]
[Result "0-1"]
[WhiteElo "1953"]
[BlackElo "2310"]
[WhiteFideId "-1"]
[WhiteFideId "-1"]
[PlyCount "110"]
[GameId "2160767908411218"]
[EventDate "2017.06.09"]
[EventType "swiss"]
[EventRounds "5"]
[EventCountry "CAN"]
[SourceTitle "EXT 2022"]
[Source "ChessBase"]
[SourceDate "2021.10.06"]
[SourceVersion "1"]
[SourceVersionDate "2021.10.06"]
[SourceQuality "1"]

1. e4 Nf6 2. e5 Nd5 3. Nc3 Nxc3 4. dxc3 d6 5. Nf3 Bg4 6. h3 Bh5 7. Bc4 e6 8. O-O Nd7 9. exd6 Bxd6 10. Be2 O-O 11. Nd4 Bxe2 12. Qxe2 a6 13. Be3 Qf6 14. Rad1 e5 15. Nf3 e4 16. Nd2 Qe5 17. f4 exf3 18. Nxf3 Qe6 19. Nd4 Qe5 20. Nf3 Qh5 21. Qf2 Rae8 22. Rfe1 Nf6 23. Qh4 Qg6 24. Bf4 Qxc2 25. Bxd6 cxd6 26. Qf2 Rxe1+ 27. Rxe1 Qxf2+ 28. Kxf2 Rd8 29. Nd4 Kf8 30. g4 d5 31. Kf3 Ne4 32. Nf5 Ng5+ 33. Kg2 Ne6 34. Kf3 g6 35. Nd4 Ke7 36. Ke3 Kd6 37. Rf1 Ke7 38. Re1 Rd7 39. Nxe6 fxe6 40. Rf1 Rc7 41. Rd1 Rc4 42. Rd4 Rxd4 43. cxd4 g5 44. b4 Kd6 45. a4 e5 46. a5 exd4+ 47. Kxd4 Ke6 48. Kc5 Ke5 49. Kb6 d4 50. Kxb7 d3 51. Kxa6 d2 52. b5 d1=Q 53. b6 Qd5 54. b7 Qc6+ 55. Ka7 Qc5+ 0-1

[Event "Montreal CC-ch"]
[Site "Montreal CAN"]
[Date "2017.06.11"]
[Round "5.5"]
[White "Huang, Qiuyu"]
[Black "Vignalou, Joseph"]
[Result "1-0"]
[WhiteElo "2251"]
[BlackElo "1861"]
[WhiteFideId "-1"]
[WhiteFideId "-1"]
[PlyCount "59"]
[GameId "2160767908411219"]
[EventDate "2017.06.09"]
[EventType "swiss"]
[EventRounds "5"]
[EventCountry "CAN"]
[SourceTitle "EXT 2022"]
[Source "ChessBase"]
[SourceDate "2021.10.06"]
[SourceVersion "1"]
[SourceVersionDate "2021.10.06"]
[SourceQuality "1"]

1. e4 c5 2. Nf3 d6 3. d4 cxd4 4. Nxd4 Nf6 5. Nc3 a6 6. Bg5 e6 7. f4 Be7 8. Qf3 Nbd7 9. O-O-O h6 10. Bh4 g5 11. fxg5 Ne5 12. gxf6 Nxf3 13. fxe7 Qa5 14. gxf3 Rg8 15. Bf6 Rg6 16. e5 Rxf6 17. exf6 Qg5+ 18. Kb1 Qxf6 19. Rg1 Kxe7 20. Bc4 Bd7 21. Rge1 Kf8 22. Ne4 Qf4 23. Nxd6 Qxd6 24. Nxe6+ Qxe6 25. Bxe6 Bxe6 26. Re3 Ke7 27. Rc3 Rc8 28. Rxc8 Bxc8 29. Rd4 Kf6 30. Kc1 1-0

[Event "Montreal CC-ch"]
[Site "Montreal CAN"]
[Date "2017.06.11"]
[Round "5.6"]
[White "Zheng, Richard"]
[Black "Singher, Jean-Pierre"]
[Result "1/2-1/2"]
[WhiteElo "1928"]
[BlackElo "2095"]
[WhiteFideId "-1"]
[WhiteFideId "-1"]
[PlyCount "51"]
[GameId "2160767908411220"]
[EventDate "2017.06.09"]
[EventType "swiss"]
[EventRounds "5"]
[EventCountry "CAN"]
[SourceTitle "EXT 2022"]
[Source "ChessBase"]
[SourceDate "2021.10.06"]
[SourceVersion "1"]
[SourceVersionDate "2021.10.06"]
[SourceQuality "1"]

1. d4 Nf6 2. e3 d5 3. Bd3 c5 4. c3 Nc6 5. f4 e6 6. Nf3 Be7 7. Nbd2 a6 8. O-O Ng4 9. Qe1 f5 10. h3 Nf6 11. Ne5 Qc7 12. Ndf3 O-O 13. Bd2 b5 14. Nxc6 Qxc6 15. Ne5 Qb6 16. a3 a5 17. Qe2 c4 18. Bc2 Ba6 19. g4 g6 20. g5 Nh5 21. Nd7 Ng3 22. Nxb6 Nxe2+ 23. Kf2 Ra7 24. Kxe2 Rb8 25. Nxd5 exd5 26. Rfb1 1/2-1/2

[Event "Montreal CC-ch"]
[Site "Montreal CAN"]
[Date "2017.06.11"]
[Round "5.7"]
[White "Millette, Sylvain"]
[Black "Gauthier, Denis"]
[Result "0-1"]
[WhiteElo "1752"]
[BlackElo "1958"]
[WhiteFideId "-1"]
[WhiteFideId "-1"]
[PlyCount "56"]
[GameId "2160767908411221"]
[EventDate "2017.06.09"]
[EventType "swiss"]
[EventRounds "5"]
[EventCountry "CAN"]
[SourceTitle "EXT 2022"]
[Source "ChessBase"]
[SourceDate "2021.10.06"]
[SourceVersion "1"]
[SourceVersionDate "2021.10.06"]
[SourceQuality "1"]

1. Nf3 Nf6 2. g3 b5 3. Bg2 Bb7 4. d4 e6 5. O-O c5 6. dxc5 Bxc5 7. b3 d5 8. Bb2 Nbd7 9. Ne5 O-O 10. c4 bxc4 11. bxc4 Qb6 12. Nxd7 Nxd7 13. Qb3 Rab8 14. Qxb6 Nxb6 15. cxd5 Bxd5 16. Be5 Rbc8 17. Nc3 Bxg2 18. Kxg2 f6 19. Bf4 Bd4 20. Nb5 Bxa1 21. Rxa1 a6 22. Be3 Nd5 23. Nd4 Nxe3+ 24. fxe3 Kf7 25. Rb1 Rb8 26. Rc1 Rfc8 27. Rd1 g6 28. Nb3 Ke7 0-1

[Event "Montreal CC-ch"]
[Site "Montreal CAN"]
[Date "2017.06.11"]
[Round "5.8"]
[White "Libersan, Thierry"]
[Black "Turgeon, Yoakim"]
[Result "1/2-1/2"]
[WhiteElo "2162"]
[BlackElo "1720"]
[WhiteFideId "-1"]
[WhiteFideId "-1"]
[PlyCount "100"]
[GameId "2160767908411222"]
[EventDate "2017.06.09"]
[EventType "swiss"]
[EventRounds "5"]
[EventCountry "CAN"]
[SourceTitle "EXT 2022"]
[Source "ChessBase"]
[SourceDate "2021.10.06"]
[SourceVersion "1"]
[SourceVersionDate "2021.10.06"]
[SourceQuality "1"]

1. d4 d5 2. Bf4 e6 3. e3 Bd6 4. Bg3 f5 5. c4 c6 6. Nc3 Nf6 7. Nf3 O-O 8. Qc2 Bc7 9. Bd3 Ne4 10. cxd5 Nxc3 11. d6 Bxd6 12. Bxd6 Qxd6 13. bxc3 Nd7 14. O-O b6 15. a4 Bb7 16. a5 c5 17. Nd2 Rac8 18. Qb1 cxd4 19. cxd4 Nf6 20. f3 f4 21. Ne4 Bxe4 22. Bxe4 fxe3 23. Qd3 Rcd8 24. axb6 axb6 25. Ra4 Nxe4 26. Qxe4 Rf4 27. Qxe3 Rxd4 28. Ra7 Rd1 29. Rb7 Rxf1+ 30. Kxf1 Qd1+ 31. Kf2 Qd2+ 32. Qxd2 Rxd2+ 33. Kg3 Rd6 34. Kf4 h6 35. h4 Rd4+ 36. Ke5 Rxh4 37. Rxb6 Rh2 38. g4 Re2+ 39. Kf4 g5+ 40. Kg3 Kf7 41. Rb7+ Kg6 42. Rb8 h5 43. gxh5+ Kxh5 44. Rg8 e5 45. Rh8+ Kg6 46. Re8 Kg7 47. Re6 Kf7 48. Ra6 e4 49. f4 gxf4+ 50. Kxf4 Re1 1/2-1/2

[Event "Montreal CC-ch"]
[Site "Montreal CAN"]
[Date "2017.06.11"]
[Round "5.9"]
[White "Jacquet, Stephane"]
[Black "O'Neill, Brendon"]
[Result "1-0"]
[WhiteElo "2053"]
[BlackElo "1696"]
[WhiteFideId "-1"]
[WhiteFideId "-1"]
[PlyCount "71"]
[GameId "2160767908411223"]
[EventDate "2017.06.09"]
[EventType "swiss"]
[EventRounds "5"]
[EventCountry "CAN"]
[SourceTitle "EXT 2022"]
[Source "ChessBase"]
[SourceDate "2021.10.06"]
[SourceVersion "1"]
[SourceVersionDate "2021.10.06"]
[SourceQuality "1"]

1. d4 Nf6 2. Nc3 g6 3. e4 d6 4. Be3 Bg7 5. Qd2 Ng4 6. Bg5 h6 7. Bh4 c6 8. f3 Nf6 9. O-O-O Qc7 10. g4 e5 11. Nge2 Nbd7 12. Bf2 a6 13. h4 b5 14. Ng3 c5 15. dxc5 dxc5 16. h5 Bb7 17. hxg6 fxg6 18. g5 hxg5 19. Rxh8+ Bxh8 20. Qxg5 Kf7 21. Nd5 Bxd5 22. exd5 Qd6 23. Ne4 Nxe4 24. fxe4 Bf6 25. Qg4 Rh8 26. Bh3 Nf8 27. Qc8 Be7 28. Rf1 Bg5+ 29. Kb1 Bf4 30. Bxc5 Qf6 31. Bxf8 Rxf8 32. Be6+ Kg7 33. Qd7+ Kh6 34. Rh1+ Kg5 35. a4 b4 36. Qh7 1-0

[Event "Montreal CC-ch"]
[Site "Montreal CAN"]
[Date "2017.06.11"]
[Round "5.10"]
[White "Richard, Leo"]
[Black "Guipi Bopala, Prince Eric jr"]
[Result "1/2-1/2"]
[WhiteElo "1667"]
[BlackElo "1922"]
[WhiteFideId "-1"]
[WhiteFideId "-1"]
[PlyCount "44"]
[GameId "2160767908411224"]
[EventDate "2017.06.09"]
[EventType "swiss"]
[EventRounds "5"]
[EventCountry "CAN"]
[SourceTitle "EXT 2022"]
[Source "ChessBase"]
[SourceDate "2021.10.06"]
[SourceVersion "1"]
[SourceVersionDate "2021.10.06"]
[SourceQuality "1"]

1. d4 f5 2. c4 e6 3. Nf3 d5 4. g3 c6 5. Bg2 Nf6 6. O-O Bd6 7. Nc3 O-O 8. cxd5 exd5 9. Bf4 Ne4 10. Bxd6 Qxd6 11. Rc1 Be6 12. Ne5 Nd7 13. Nxd7 Qxd7 14. e3 Rae8 15. Na4 Bf7 16. Nc5 Nxc5 17. Rxc5 h6 18. Qa4 a6 19. a3 Re7 20. Qc2 h5 21. Rc1 Be8 22. b4 Rf6 1/2-1/2

[Event "Montreal CC-ch"]
[Site "Montreal CAN"]
[Date "2017.06.11"]
[Round "5.11"]
[White "Nesterov, Timour"]
[Black "Kay, Sang Kill"]
[Result "1-0"]
[WhiteElo "1906"]
[BlackElo "1578"]
[WhiteFideId "-1"]
[WhiteFideId "-1"]
[PlyCount "85"]
[GameId "2160767908411225"]
[EventDate "2017.06.09"]
[EventType "swiss"]
[EventRounds "5"]
[EventCountry "CAN"]
[SourceTitle "EXT 2022"]
[Source "ChessBase"]
[SourceDate "2021.10.06"]
[SourceVersion "1"]
[SourceVersionDate "2021.10.06"]
[SourceQuality "1"]

1. d4 d5 2. Bf4 Bf5 3. Nf3 e6 4. Nbd2 Bd6 5. Bg3 Nd7 6. e3 h5 7. Be2 h4 8. Bxd6 cxd6 9. c4 Ngf6 10. cxd5 exd5 11. Rc1 Ne4 12. Qb3 Nb6 13. Bb5+ Ke7 14. O-O g5 15. Nxe4 g4 16. Nc3 gxf3 17. Nxd5+ Kf8 18. Nxb6 Qg5 19. g3 hxg3 20. fxg3 Qh5 21. Rf2 axb6 22. Qd5 Rh6 23. Qxf3 Bg4 24. Qxb7 Rxa2 25. Bc4 Be6 26. Bxa2 Bxa2 27. Qa8+ Kg7 28. Qxa2 f5 29. Rc7+ Kf6 30. Rf7+ Qxf7 31. Rxf5+ Kxf5 32. Qxf7+ Rf6 33. Qd5+ Kg6 34. h4 Kg7 35. g4 Kf8 36. g5 Rf7 37. h5 Ke7 38. h6 Rf8 39. g6 Rf6 40. Qg5 Ke6 41. h7 Rf5 42. Qg4 d5 43. h8=Q 1-0

[Event "Montreal Mercredi 02"]
[Site "Montreal CAN"]
[Date "2017.02.15"]
[Round "1"]
[White "Baran, Marius"]
[Black "Khudaverdian, Berj"]
[Result "1/2-1/2"]
[WhiteElo "1803"]
[BlackElo "1719"]
[WhiteFideId "-1"]
[WhiteFideId "-1"]
[PlyCount "119"]
[GameId "2160767908478495"]
[EventDate "2017.02.15"]
[EventType "swiss"]
[EventRounds "5"]
[EventCountry "CAN"]
[SourceTitle "EXT 2022"]
[Source "ChessBase"]
[SourceDate "2021.10.06"]
[SourceVersion "1"]
[SourceVersionDate "2021.10.06"]
[SourceQuality "1"]

1. e4 d6 2. d4 Nf6 3. Nc3 g6 4. f4 Bg7 5. Nf3 O-O 6. Be3 Ng4 7. Bg1 e5 8. h3 Nh6 9. fxe5 dxe5 10. dxe5 Nd7 11. Qd5 c6 12. Qd6 Re8 13. O-O-O Qa5 14. Bh2 Bf8 15. Qd2 b5 16. Kb1 Kh8 17. Bf4 Ng8 18. Bd3 Nc5 19. Be3 b4 20. Ne2 Be6 21. b3 Red8 22. Bxc5 Bxc5 23. Ng5 Qb6 24. Nxe6 fxe6 25. Rhf1 a5 26. Qc1 Be3 27. Qb2 a4 28. bxa4 Rxa4 29. Bc4 Rxd1+ 30. Rxd1 c5 31. Qb3 Ra3 32. Qb2 Qc6 33. Rd3 Rxd3 34. cxd3 Kg7 35. Qb3 Kf7 36. a4 bxa3 37. Qxa3 Qb7+ 38. Qb2 Qxb2+ 39. Kxb2 Ne7 40. Bb5 g5 41. Kc3 Ng6 42. d4 cxd4+ 43. Nxd4 Nxe5 44. Ba4 Ng6 45. Bb5 Nf4 46. Bf1 Kf6 47. g3 Nh5 48. Ne2 Ke5 49. Kd3 Bf2 50. Bg2 Bxg3 51. Bf3 Nf4+ 52. Ke3 Bh2 53. Bg4 h5 54. Bf3 Kf6 55. Nxf4 gxf4+ 56. Ke2 Ke5 57. Bxh5 Kxe4 58. Bg4 Bg3 59. Bxe6 f3+ 60. Kf1 1/2-1/2

[Event "Montreal Mercredi 02"]
[Site "Montreal CAN"]
[Date "2017.02.15"]
[Round "1"]
[White "Have, Didier"]
[Black "Jean, Robert"]
[Result "1-0"]
[WhiteElo "1964"]
[BlackElo "1851"]
[WhiteFideId "-1"]
[WhiteFideId "-1"]
[PlyCount "67"]
[GameId "2160767908478496"]
[EventDate "2017.02.15"]
[EventType "swiss"]
[EventRounds "5"]
[EventCountry "CAN"]
[SourceTitle "EXT 2022"]
[Source "ChessBase"]
[SourceDate "2021.10.06"]
[SourceVersion "1"]
[SourceVersionDate "2021.10.06"]
[SourceQuality "1"]

1. d4 Nf6 2. Bf4 d5 3. c3 Nh5 4. Bg5 h6 5. Bh4 g5 6. e3 Nf6 7. Bg3 Bg7 8. Bd3 O-O 9. Nd2 Nbd7 10. Ngf3 c5 11. h4 g4 12. Ne5 cxd4 13. exd4 Re8 14. h5 Nf8 15. f3 Qb6 16. Rb1 gxf3 17. gxf3 N6d7 18. f4 Qe6 19. Qf3 Nxe5 20. dxe5 Qg4 21. Qf2 f6 22. f5 Qa4 23. Rh4 Qc6 24. e6 Nh7 25. Qe2 a6 26. Nf3 b5 27. Rg4 Ng5 28. Nxg5 fxg5 29. Be5 Bf6 30. Kd2 Ra7 31. Rbg1 Bb7 32. Qe3 Raa8 33. Rxg5+ hxg5 34. Rxg5+ 1-0